[Event "7. Offenes Sommerloch 2015"]
[Site "?"]
[Date "2015.07.20"]
[Round "3.4"]
[White "Bausch, Thomas"]
[Black "Multhauf, Stefan"]
[Result "1-0"]
[WhiteElo "2038"]
[BlackElo "1622"]
[PlyCount "57"]
[EventDate "2015.??.??"]
[SourceDate "2015.07.04"]
[WhiteTeam "Pulheimer SC"]
[BlackTeam "Königsspringer Leverkusen"]

1. e4 e6 2. d4 d5 3. Nc3 dxe4 4. Nxe4 Bd7 5. Nf3 Bc6 6. Bd3 Nf6 7. Nxf6+ Qxf6
8. Ne5 Bd6 9. Nxc6 Nxc6 10. Bb5 O-O 11. Bxc6 bxc6 12. Be3 e5 13. O-O Rfd8 14.
c3 exd4 15. cxd4 Bc5 16. Qc1 Be7 17. Qc2 Rd5 18. Rfc1 c5 19. dxc5 c6 20. Rd1
Rad8 21. Rxd5 Rxd5 22. g3 Qe5 23. Rc1 Bf6 24. Qa4 Qc7 25. b4 Qb7 26. Qb3 Qd7
27. b5 Rd3 28. bxc6 Qd8 29. c7 1-0

[Event "7. Offenes Sommerloch 2015"]
[Site "?"]
[Date "2015.07.20"]
[Round "3.5"]
[White "Sockel, Karl-Heinz"]
[Black "Reinemer, Frank"]
[Result "0-1"]
[WhiteElo "2088"]
[BlackElo "2164"]
[PlyCount "41"]
[EventDate "2015.??.??"]
[SourceDate "2015.07.04"]
[WhiteTeam "SC Bayer Leverkusen"]
[BlackTeam "Langenfelder SF"]

1. d4 Nf6 2. Nf3 g6 3. e3 Bg7 4. b3 O-O 5. Bb2 d6 6. Be2 Nbd7 7. O-O e5 8. dxe5
Ng4 9. Nbd2 Ngxe5 10. Nxe5 Nxe5 11. Rb1 Bd7 12. f4 Nc6 13. Bxg7 Kxg7 14. Rf3
Qe7 15. Rg3 Rae8 16. Bd3 Nb4 17. Qc1 Nd5 18. Nf1 Nc3 19. Ra1 Bf5 20. Kh1 Qf6
21. Bxf5 0-1

[Event "7. Offenes Sommerloch 2015"]
[Site "?"]
[Date "2015.07.20"]
[Round "3.6"]
[White "Zühlke, Ernst-Wilhelm"]
[Black "Kies, Werner"]
[Result "0-1"]
[WhiteElo "1482"]
[BlackElo "2073"]
[PlyCount "80"]
[EventDate "2015.??.??"]
[SourceDate "2015.07.04"]
[WhiteTeam "SC Turm Leichlingen"]
[BlackTeam "SC Bayer Leverkusen"]

1. c4 g6 2. Nc3 Bg7 3. Nf3 b6 4. d4 Bb7 5. e4 d6 6. Bd3 Nd7 7. O-O e5 8. d5 Ne7
9. Ng5 h6 10. Nh3 g5 11. f3 Ng6 12. Ne2 Nf6 13. Ng3 Nh4 14. Nf2 Bc8 15. h3 Bd7
16. Ng4 h5 17. Nf2 Bh6 18. Nf5 Nxf5 19. exf5 Qc8 20. Ne4 Qd8 21. Bxg5 Bxg5 22.
Nxg5 h4 23. Ne4 Nh5 24. Rf2 Nf4 25. Kh2 Rh6 26. Qd2 Qc8 27. g3 hxg3+ 28. Nxg3
Rxh3+ 29. Kg1 Rxg3+ 30. Kh2 Rh3+ 31. Kg1 Bxf5 32. Bf1 Rh8 33. Re1 Bh3 34. Qxf4
Bxf1 35. Rxe5+ Kf8 36. Rf5 Qd7 37. Rxf1 Re8 38. Rf2 Re1+ 39. Kg2 Qe7 40. Rf1
Rg8+ 0-1

[Event "7. Offenes Sommerloch 2015"]
[Site "?"]
[Date "2015.07.20"]
[Round "3.7"]
[White "Horstmann, Benjamin"]
[Black "Khananayev, Shalmi"]
[Result "0-1"]
[WhiteElo "1705"]
[BlackElo "1256"]
[PlyCount "42"]
[EventDate "2015.??.??"]
[SourceDate "2015.07.04"]
[WhiteTeam "SC Wittekinds Knappen"]
[BlackTeam "SF Schlebusch"]

1. e4 c5 2. c3 e6 3. d4 cxd4 4. cxd4 d6 5. Nc3 g6 6. d5 a6 7. Be3 Bg7 8. Bc4
Qc7 9. Qb3 b5 10. Bd3 Nf6 11. Rc1 Qb7 12. Bxb5+ axb5 13. Nxb5 O-O 14. Qc4 Nxe4
15. Qxe4 Qxb5 16. dxe6 Bb7 17. exf7+ Rxf7 18. Rc8+ Bf8 19. Rxf8+ Kxf8 20. Bh6+
Kg8 21. Qc2 Qe5+ 0-1

[Event "7. Offenes Sommerloch 2015"]
[Site "?"]
[Date "2015.07.20"]
[Round "3.8"]
[White "Hegmann, Werner"]
[Black "Mizich, Vadim"]
[Result "1-0"]
[WhiteElo "1762"]
[BlackElo "1386"]
[PlyCount "81"]
[EventDate "2015.??.??"]
[SourceDate "2015.07.04"]
[WhiteTeam "SV Opladen"]
[BlackTeam "Königsspringer Leverkusen"]

1. e4 e5 2. Nf3 Nc6 3. Bc4 Nf6 4. Ng5 d5 5. exd5 Nxd5 6. d4 h6 7. Qf3 hxg5 8.
Bxd5 Qf6 9. Bxc6+ bxc6 10. Qxf6 gxf6 11. dxe5 fxe5 12. Bxg5 Rg8 13. h4 Rb8 14.
b3 Rg6 15. g3 Rb4 16. Nd2 Rd4 17. Be3 Rd5 18. O-O-O Ra5 19. Kb1 Bb4 20. h5 Rg7
21. h6 Rh7 22. Nc4 Rb5 23. a4 Rd5 24. Rxd5 cxd5 25. Nxe5 Bb7 26. Rh4 a5 27. Kb2
Be7 28. Rh2 Bf6 29. f4 Ke7 30. c3 Bxe5 31. fxe5 Ke6 32. Bf4 c5 33. Rd2 Kf5 34.
Ka3 f6 35. exf6 Kxf6 36. Re2 Bc8 37. Be5+ Kg6 38. Bg7 Kg5 39. Re5+ Kg4 40. Rxd5
Kxg3 41. Rxc5 1-0

[Event "7. Offenes Sommerloch 2015"]
[Site "?"]
[Date "2015.07.20"]
[Round "3.9"]
[White "Hennig, Edgar Paul"]
[Black "Jiritschka, Wolfgang"]
[Result "1/2-1/2"]
[WhiteElo "2009"]
[BlackElo "1939"]
[PlyCount "34"]
[EventDate "2015.??.??"]
[SourceDate "2015.07.04"]
[WhiteTeam "Satranç Club"]
[BlackTeam "SC Bayer Leverkusen"]

1. d4 Nf6 2. Bf4 d5 3. e3 Bf5 4. c4 e6 5. Qb3 b6 6. Nc3 Bd6 7. Bg3 O-O 8. Nf3
dxc4 9. Bxc4 Nbd7 10. Nh4 Bxg3 11. hxg3 c5 12. Nxf5 exf5 13. Rd1 cxd4 14. Rxd4
Qe7 15. Qd1 Rad8 16. Bd3 g6 17. Bc2 Nc5 1/2-1/2

[Event "7. Offenes Sommerloch 2015"]
[Site "?"]
[Date "2015.07.20"]
[Round "3.10"]
[White "Jaskolla, Oswald"]
[Black "Milz, Ulrich"]
[Result "1-0"]
[WhiteElo "1639"]
[BlackElo "1744"]
[PlyCount "77"]
[EventDate "2015.??.??"]
[SourceDate "2015.07.04"]
[WhiteTeam "SC Turm Leichlingen"]
[BlackTeam "SC Bayer Leverkusen"]

1. e4 e6 2. d4 b6 3. Nf3 Bb7 4. Bd3 h6 5. c4 Nc6 6. Nc3 Bb4 7. Bd2 a6 8. a3 Be7
9. O-O Bg5 10. d5 Bxd2 11. dxc6 Bxc3 12. cxb7 Rb8 13. bxc3 Rxb7 14. c5 b5 15.
a4 Ne7 16. axb5 axb5 17. Nd4 c6 18. e5 Qb8 19. f4 Nd5 20. Qd2 O-O 21. c4 Nc7
22. cxb5 Nxb5 23. Nxb5 cxb5 24. Be4 Rc7 25. Ra8 Qxa8 26. Bxa8 Rxa8 27. Qb4 Rb7
28. Qe4 Rba7 29. Rb1 Ra4 30. Qb7 R8a7 31. Qb8+ Kh7 32. g3 R7a5 33. Rxb5 Ra1+
34. Rb1 Rxb1+ 35. Qxb1+ g6 36. Qb6 Ra1+ 37. Kg2 Rd1 38. Qd8 Rd5 39. Qf8 1-0

[Event "7. Offenes Sommerloch 2015"]
[Site "?"]
[Date "2015.08.06"]
[Round "4.1"]
[White "Gelsok, Philipp"]
[Black "Balduan, Karl-Heinz"]
[Result "1-0"]
[WhiteElo "1871"]
[BlackElo "1594"]
[PlyCount "81"]
[EventDate "2015.??.??"]
[SourceDate "2015.07.04"]
[WhiteTeam "Bergische SF"]
[BlackTeam "Königsspringer Leverkusen"]

1. Nf3 e6 2. c4 d5 3. b3 Nf6 4. g3 b6 5. Bg2 Bb7 6. O-O Be7 7. Bb2 O-O 8. e3 c5
9. Qe2 Nc6 10. Rd1 Qc7 11. Nc3 a6 12. d4 Rad8 13. Rac1 cxd4 14. exd4 Na5 15.
cxd5 Qd6 16. dxe6 fxe6 17. Ng5 Bxg2 18. Kxg2 Rd7 19. Qxe6+ Qxe6 20. Nxe6 Re8
21. Ng5 h6 22. Nf3 Nc6 23. Ne5 Rc7 24. Nxc6 Rxc6 25. Nd5 Rxc1 26. Nxe7+ Rxe7
27. Bxc1 Nd5 28. Rd3 Re2 29. Bd2 Kh7 30. Kf3 Re6 31. Bf4 Kg6 32. Be5 Kf7 33.
Rd2 Rc6 34. Ke4 Ne7 35. d5 Rg6 36. f4 Ke8 37. Rc2 h5 38. d6 Ng8 39. Rc7 Nf6+
40. Bxf6 gxf6 41. Kf5 1-0

[Event "7. Offenes Sommerloch 2015"]
[Site "?"]
[Date "2015.08.06"]
[Round "4.2"]
[White "Kronseder, Michael"]
[Black "Birnkott, Manfred"]
[Result "0-1"]
[WhiteElo "1802"]
[BlackElo "1973"]
[PlyCount "56"]
[EventDate "2015.??.??"]
[SourceDate "2015.07.04"]
[WhiteTeam "SV Hürth-Berrenrath"]
[BlackTeam "SC Bayer Leverkusen"]

1. e4 c5 2. Nf3 Nc6 3. Bb5 Nd4 4. Bc4 b5 5. Bd5 Rb8 6. c3 Nxf3+ 7. Qxf3 e6 8.
Bb3 Bb7 9. Bc2 Nf6 10. d4 cxd4 11. cxd4 Rc8 12. Qe2 Qc7 13. Nc3 b4 14. Bd2 bxc3
15. Bxc3 Be7 16. d5 O-O 17. O-O Rfe8 18. Rac1 exd5 19. e5 Ne4 20. Bd4 Qc4 21.
Qe3 Qb4 22. a3 Qd2 23. Qxd2 Nxd2 24. Rfd1 Nc4 25. Rd3 Bg5 26. Rg3 Bxc1 27. e6
g6 28. exf7+ Kxf7 0-1

[Event "7. Offenes Sommerloch 2015"]
[Site "?"]
[Date "2015.08.06"]
[Round "4.3"]
[White "Richrath, Martin"]
[Black "Bausch, Thomas"]
[Result "0-1"]
[WhiteElo "1822"]
[BlackElo "2038"]
[PlyCount "75"]
[EventDate "2015.??.??"]
[SourceDate "2015.07.04"]
[WhiteTeam "Langenfelder SF"]
[BlackTeam "Pulheimer SC"]

1. d4 Nf6 2. Bf4 d6 3. Nf3 g6 4. h3 Bg7 5. e3 O-O 6. Be2 c6 7. c3 Nbd7 8. O-O
Re8 9. Nfd2 e5 10. Bh2 Qe7 11. Nc4 Nd5 12. dxe5 dxe5 13. e4 Nf4 14. Bxf4 exf4
15. Nd6 Rd8 16. Nxc8 Raxc8 17. Qc2 Ne5 18. Nd2 Rd6 19. Rad1 Re8 20. Nf3 Nd7 21.
Rxd6 Qxd6 22. Rd1 Qc7 23. Nd2 Nf6 24. f3 b5 25. c4 Nd7 26. c5 Bd4+ 27. Kf1 Bxc5
28. Nb3 Be3 29. Bxb5 Ne5 30. Nd4 Qb6 31. Bxc6 Rc8 32. Qa4 Nxc6 33. Ne2 Rd8 34.
Rd5 Ne7 35. Rxd8+ Qxd8 36. Qc2 Qd6 37. Nc3 Nc6 38. Ke2 0-1

[Event "7. Offenes Sommerloch 2015"]
[Site "?"]
[Date "2015.08.06"]
[Round "4.5"]
[White "Khananayev, Shalmi"]
[Black "Blomeyer, Peter"]
[Result "1/2-1/2"]
[WhiteElo "1256"]
[BlackElo "1820"]
[PlyCount "51"]
[EventDate "2015.??.??"]
[SourceDate "2015.07.04"]
[WhiteTeam "SF Schlebusch"]
[BlackTeam "Königsspringer Leverkusen"]

1. d4 d6 2. e3 Nf6 3. Nf3 g6 4. c4 Bg7 5. Be2 Nbd7 6. b4 a5 7. b5 c5 8. a4 O-O
9. O-O d5 10. Bb2 dxc4 11. Bxc4 Nb6 12. Be2 c4 13. Qd2 Ne4 14. Qd1 Qc7 15. Nc3
Nxc3 16. Bxc3 Rd8 17. Qd2 e5 18. Bxa5 exd4 19. Nxd4 Qc5 20. Bxb6 Qxb6 21. Rfd1
Be6 22. Qc3 Rac8 23. Rac1 Bd5 24. Qd2 Qc5 25. Qc3 Qb6 26. Qd2 1/2-1/2

[Event "7. Offenes Sommerloch 2015"]
[Site "?"]
[Date "2015.08.06"]
[Round "4.6"]
[White "Multhauf, Stefan"]
[Black "Ipekyilmaz, Mert"]
[Result "1-0"]
[WhiteElo "1622"]
[BlackElo "1477"]
[PlyCount "41"]
[EventDate "2015.??.??"]
[SourceDate "2015.07.04"]
[WhiteTeam "Königsspringer Leverkusen"]
[BlackTeam "Langenfelder SF"]

1. e4 d5 2. exd5 Qxd5 3. Nf3 Nc6 4. d4 Bg4 5. Be2 Nf6 6. c4 Qd7 7. Be3 e6 8.
O-O Be7 9. a3 a5 10. Nc3 O-O 11. Ne5 Nxe5 12. dxe5 Qxd1 13. Raxd1 Bxe2 14. Nxe2
Ne4 15. Rd7 Bd8 16. f3 Bg5 17. Bxg5 Nxg5 18. h4 Nxf3+ 19. gxf3 Rac8 20. Rfd1 b6
21. Nc3 1-0

[Event "7. Offenes Sommerloch 2015"]
[Site "?"]
[Date "2015.08.06"]
[Round "4.7"]
[White "Erdmann, Kristian"]
[Black "Ipekyilmaz, Tayfun"]
[Result "1-0"]
[WhiteElo "1981"]
[BlackElo "1785"]
[PlyCount "61"]
[EventDate "2015.??.??"]
[SourceDate "2015.07.04"]
[WhiteTeam "Königsspringer Leverkusen"]
[BlackTeam "Langenfelder SF"]

1. e4 e5 2. Nf3 Nc6 3. Bc4 Bc5 4. d3 Nf6 5. Nc3 h6 6. O-O d6 7. h3 Na5 8. Bb3
Nxb3 9. axb3 a6 10. Be3 Bxe3 11. fxe3 Be6 12. Qe1 O-O 13. Nh4 Kh7 14. Rf3 c6
15. Qf2 d5 16. Rf1 dxe4 17. dxe4 c5 18. Qg3 Qd2 19. R3f2 Qd6 20. Nf5 Nh5 21.
Qh4 Bxf5 22. Rxf5 Nf6 23. Rxf6 Qd8 24. Nd5 Rg8 25. Rxh6+ gxh6 26. Rxf7+ Kg6 27.
Rf6+ Qxf6 28. Qxf6+ Kh7 29. Qf7+ Rg7 30. Nf6+ Kh8 31. Qh5 1-0

[Event "7. Offenes Sommerloch 2015"]
[Site "?"]
[Date "2015.08.06"]
[Round "4.8"]
[White "Zühlke, Ernst-Wilhelm"]
[Black "Longerich, Hans-Peter"]
[Result "1/2-1/2"]
[WhiteElo "1482"]
[BlackElo "1601"]
[PlyCount "41"]
[EventDate "2015.??.??"]
[SourceDate "2015.07.04"]
[WhiteTeam "SC Turm Leichlingen"]
[BlackTeam "SC Bayer Leverkusen"]

1. c4 c6 2. Nc3 d5 3. e3 Nf6 4. Nf3 Bg4 5. Be2 dxc4 6. Bxc4 e6 7. O-O Nbd7 8.
Be2 Bd6 9. d4 O-O 10. e4 Be7 11. Qc2 Nb6 12. Be3 Bh5 13. Rad1 h6 14. Ne5 Bxe2
15. Qxe2 Nh7 16. f4 f5 17. Qf3 Qe8 18. Qg3 Qh5 19. Ng6 Rf7 20. Ne5 Rff8 21. Ng6
1/2-1/2

[Event "7. Offenes Sommerloch 2015"]
[Site "?"]
[Date "2015.08.06"]
[Round "4.9"]
[White "Düster, Frank"]
[Black "Jaskolla, Oswald"]
[Result "1/2-1/2"]
[WhiteElo "1764"]
[BlackElo "1639"]
[PlyCount "56"]
[EventDate "2015.??.??"]
[SourceDate "2015.07.04"]
[WhiteTeam "Königsspringer Leverkusen"]
[BlackTeam "SC Turm Leichlingen"]

1. e4 e5 2. Nf3 Nc6 3. Bb5 a6 4. Ba4 Nf6 5. d3 b5 6. Bb3 Be7 7. c3 d6 8. O-O
Bg4 9. Re1 O-O 10. Nbd2 d5 11. a4 Na5 12. h3 Bh5 13. g4 dxe4 14. dxe4 Nxg4 15.
hxg4 Bxg4 16. Kg2 Bg5 17. Qc2 Bf4 18. Rh1 Qf6 19. Ba2 Rad8 20. b4 Bxd2 21. Nxd2
Rxd2 22. Qxd2 Bf3+ 23. Kg1 Bxh1 24. Kxh1 Rd8 25. Qe2 Qh4+ 26. Kg2 Rd6 27. Qf3
Rf6 28. Qxf6 gxf6 1/2-1/2

[Event "7. Offenes Sommerloch 2015"]
[Site "?"]
[Date "2015.08.06"]
[Round "4.11"]
[White "Hennig, Edgar Paul"]
[Black "Horstmann, Benjamin"]
[Result "1-0"]
[WhiteElo "2009"]
[BlackElo "1705"]
[PlyCount "101"]
[EventDate "2015.??.??"]
[SourceDate "2015.07.04"]
[WhiteTeam "Satranç Club"]
[BlackTeam "SC Wittekinds Knappen"]

1. d4 Nf6 2. Bf4 d5 3. e3 e6 4. Bd3 c5 5. c3 Nc6 6. Nd2 Be7 7. Ngf3 Bd7 8. Ne5
Nxe5 9. Bxe5 Qb6 10. Rb1 Bb5 11. Bxb5+ Qxb5 12. Qb3 Qxb3 13. Nxb3 Nd7 14. Bg3
h5 15. h3 b6 16. O-O O-O-O 17. a4 h4 18. Bh2 g5 19. dxc5 Nxc5 20. Nd4 Kb7 21.
a5 Bd6 22. Bxd6 Rxd6 23. Nb5 Rc6 24. Rfd1 bxa5 25. Ra1 Rb6 26. Nd4 Nb3 27. Ra2
Nxd4 28. Rxd4 Rb5 29. Rda4 Kb6 30. b4 Rc8 31. R2a3 f6 32. Kf1 Rc6 33. Ke2 f5
34. Kd3 e5 35. Kd2 e4 36. Rxa5 Rxa5 37. Rxa5 Rd6 38. Rc5 a6 39. Rc8 g4 40. Rf8
g3 41. Rxf5 gxf2 42. Rxf2 Rg6 43. Kc2 Rg3 44. Re2 Kb5 45. Kb3 a5 46. bxa5 Kxa5
47. Rd2 Rg5 48. c4 Kb6 49. cxd5 Kc5 50. d6 Rg7 51. d7 1-0

[Event "7. Offenes Sommerloch 2015"]
[Site "?"]
[Date "2015.08.20"]
[Round "5.1"]
[White "Bausch, Thomas"]
[Black "Gelsok, Philipp"]
[Result "0-1"]
[WhiteElo "2038"]
[BlackElo "1871"]
[PlyCount "84"]
[EventDate "2015.??.??"]
[SourceDate "2015.07.04"]
[WhiteTeam "Pulheimer SC"]
[BlackTeam "Bergische SF"]

1. e4 c5 2. Nf3 d6 3. d4 cxd4 4. Qxd4 Nc6 5. Bb5 Bd7 6. Bxc6 Bxc6 7. Nc3 Nf6 8.
Bg5 e6 9. O-O-O Be7 10. Qd3 O-O 11. Nd4 Qa5 12. h4 a6 13. f4 Rfd8 14. f5 e5 15.
Nb3 Qc7 16. Bxf6 Bxf6 17. g4 Rac8 18. Rh2 Be7 19. Nd5 Bxd5 20. Qxd5 Bxh4 21. c3
Bg5+ 22. Kb1 Qc6 23. Qd3 Qc4 24. Qf3 d5 25. exd5 e4 26. Qh3 Rxd5 27. Qxh7+ Kf8
28. Rxd5 Qxd5 29. Nd4 Rc4 30. Qh8+ Ke7 31. Qb8 Be3 32. Rh3 Bxd4 33. g5 Bb6 34.
f6+ gxf6 35. gxf6+ Kxf6 36. Rh6+ Ke7 37. a3 Bc7 38. Qh8 Be5 39. Qg8 Bf6 40. Qh7
e3 41. Rxf6 Kxf6 42. Qh6+ Ke7 0-1

[Event "7. Offenes Sommerloch 2015"]
[Site "?"]
[Date "2015.08.20"]
[Round "5.2"]
[White "Birnkott, Manfred"]
[Black "Balduan, Karl-Heinz"]
[Result "1-0"]
[WhiteElo "1973"]
[BlackElo "1594"]
[PlyCount "79"]
[EventDate "2015.??.??"]
[SourceDate "2015.07.04"]
[WhiteTeam "SC Bayer Leverkusen"]
[BlackTeam "Königsspringer Leverkusen"]

1. e4 e5 2. Bc4 Nc6 3. Nf3 Nf6 4. d3 Bc5 5. O-O O-O 6. Bg5 h6 7. Bh4 d6 8. c3
Na5 9. Bb5 Bb6 10. Nbd2 a6 11. Ba4 Nc6 12. h3 g5 13. Bg3 g4 14. hxg4 Bxg4 15.
Bh4 Kg7 16. Qe1 Ne7 17. Bxf6+ Kxf6 18. Nh2 Bh5 19. Nc4 Ba7 20. Ne3 Rg8 21. Kh1
Qf8 22. f4 exf4 23. Qh4+ Rg5 24. Qxf4+ Kg7 25. d4 Ng6 26. Qf6+ Kh7 27. g4 Bxg4
28. Nexg4 c5 29. Qxf7+ Qxf7 30. Rxf7+ Kg8 31. Bb3 Kh8 32. Nf6 Nf8 33. Rd1 cxd4
34. cxd4 Bb6 35. Rxb7 Ba5 36. Bc4 Rc8 37. Bd3 Rc7 38. Rxc7 Bxc7 39. Rf1 Kg7 40.
Ne8+ 1-0

[Event "7. Offenes Sommerloch 2015"]
[Site "?"]
[Date "2015.08.20"]
[Round "5.3"]
[White "Multhauf, Stefan"]
[Black "Keller, Karsten"]
[Result "0-1"]
[WhiteElo "1622"]
[BlackElo "2216"]
[PlyCount "60"]
[EventDate "2015.??.??"]
[SourceDate "2015.07.04"]
[WhiteTeam "Königsspringer Leverkusen"]
[BlackTeam "Langenfelder SF"]

1. c4 c5 2. g3 Nf6 3. Bg2 Nc6 4. Nc3 g6 5. e4 d6 6. Nge2 Bg7 7. O-O O-O 8. d3
a6 9. a4 Ne8 10. f4 Bd7 11. f5 Rb8 12. Bd2 Nc7 13. a5 e6 14. Bf4 Ne8 15. Qd2
exf5 16. exf5 Bxf5 17. Nd5 Nc7 18. Nec3 Nxd5 19. Nxd5 Ne5 20. Bxe5 Bxe5 21. Be4
Be6 22. Nb6 Kg7 23. Qg2 Qe7 24. Rab1 h5 25. Bd5 h4 26. gxh4 Qxh4 27. Bxe6 fxe6
28. Rxf8 Rxf8 29. Qxb7+ Kh6 30. Qg2 Rf2 0-1

[Event "7. Offenes Sommerloch 2015"]
[Site "?"]
[Date "2015.08.20"]
[Round "5.4"]
[White "Lange, Bernd"]
[Black "Erdmann, Kristian"]
[Result "0-1"]
[WhiteElo "1457"]
[BlackElo "1981"]
[PlyCount "66"]
[EventDate "2015.??.??"]
[SourceDate "2015.07.04"]
[WhiteTeam "SC Turm Leichlingen"]
[BlackTeam "Königsspringer Leverkusen"]

1. d4 d5 2. c4 e5 3. dxe5 d4 4. Nf3 Nc6 5. a3 Nge7 6. e3 Bg4 7. exd4 Bxf3 8.
Qxf3 Nxd4 9. Qxb7 Nc2+ 10. Ke2 Nxa1 11. Qb5+ c6 12. Qa4 Qc7 13. f4 Nf5 14. Be3
Nxe3 15. Kxe3 Qb7 16. Kf3 Qb3+ 17. Qxb3 Nxb3 18. Nc3 Nd4+ 19. Kg3 Bc5 20. Be2
Rd8 21. Bf3 Nxf3 22. gxf3 Rd4 23. Ne4 Rxc4 24. b4 Be7 25. Rb1 O-O 26. Rb3 Rd8
27. b5 cxb5 28. Rxb5 Bxa3 29. Ra5 Rd3 30. Rxa7 Rxe4 31. Kg4 Re2 32. Kf5 g6+ 33.
Kf6 Rxf3 0-1

[Event "7. Offenes Sommerloch 2015"]
[Site "?"]
[Date "2015.08.20"]
[Round "5.6"]
[White "Weißenfels, Siegfried"]
[Black "Khananayev, Shalmi"]
[Result "1-0"]
[WhiteElo "1397"]
[BlackElo "1256"]
[PlyCount "101"]
[EventDate "2015.??.??"]
[SourceDate "2015.07.04"]
[WhiteTeam "Königsspringer Leverkusen"]
[BlackTeam "SF Schlebusch"]

1. e4 c5 2. Nf3 e6 3. d4 cxd4 4. Nxd4 d6 5. Nc3 a6 6. Be2 g6 7. O-O Bg7 8. Qd3
Nf6 9. Bg5 Qc7 10. Nf3 O-O 11. Rad1 Ne8 12. Bd2 Nc6 13. a3 b6 14. b4 b5 15. Na2
Bb7 16. c4 Na7 17. Bc3 Bxc3 18. Nxc3 Rc8 19. Qe3 Nc6 20. cxb5 axb5 21. Nxb5 Qe7
22. Rc1 Nf6 23. Nbd4 Nxd4 24. Rxc8 Rxc8 25. Nxd4 Bxe4 26. Rc1 Rxc1+ 27. Qxc1
Qb7 28. f3 Bd5 29. Nb5 Qb6+ 30. Kf1 Kg7 31. a4 Bc6 32. a5 Qb7 33. Nxd6 Qa8 34.
b5 Bd7 35. a6 Nd5 36. Qc5 Qb8 37. a7 Qb6 38. Qxb6 Nxb6 39. Nc4 Na8 40. b6 Bc6
41. Na5 Bd5 42. b7 Bxb7 43. Nxb7 Kf6 44. Bb5 Ke7 45. Bc6 Nb6 46. Ke2 Na8 47.
Kd3 f6 48. Kc4 h6 49. Kc5 g5 50. Nd6 Nc7 51. Nb5 1-0

[Event "7. Offenes Sommerloch 2015"]
[Site "?"]
[Date "2015.08.20"]
[Round "5.7"]
[White "Ipekyilmaz, Tayfun"]
[Black "Zühlke, Ernst-Wilhelm"]
[Result "0-1"]
[WhiteElo "1785"]
[BlackElo "1482"]
[PlyCount "158"]
[EventDate "2015.??.??"]
[SourceDate "2015.07.04"]
[WhiteTeam "Langenfelder SF"]
[BlackTeam "SC Turm Leichlingen"]

1. e4 e6 2. d4 d5 3. Nc3 Nf6 4. Bg5 Be7 5. e5 Nfd7 6. h4 O-O 7. Qd3 c5 8. Nf3
cxd4 9. Qxd4 Nc6 10. Qf4 f6 11. Bh6 Ndxe5 12. Qg3 Rf7 13. O-O-O Nxf3 14. gxf3
Bd6 15. Qg2 Kh8 16. Be3 Be5 17. Nb5 a6 18. Nd4 Bd7 19. Nb3 Rc8 20. Nc5 Rc7 21.
f4 Bd6 22. f5 Bxc5 23. Bxc5 Qe8 24. fxe6 Bxe6 25. Bd3 Qd7 26. Rde1 Ne5 27. Rxe5
fxe5 28. Ba3 Qc6 29. f3 Bf5 30. Qg5 Qf6 31. Qxf6 Rxf6 32. Bxf5 Rxf5 33. Re1 Rc6
34. Re3 Kg8 35. Kd2 Kf7 36. c3 Kf6 37. Rd3 Ke6 38. Ke3 Rc4 39. Kf2 Rxh4 40. Kg3
Rhf4 41. Bc5 h5 42. Bf2 h4+ 43. Kg2 Rg5+ 44. Kh3 Rh5 45. Re3 g5 46. Bg1 Rh7 47.
Bh2 Rf5 48. Kg4 Rg7 49. a3 Rf4+ 50. Kh3 Rf5 51. Kg4 Rgf7 52. a4 Rc7 53. b3 Rc6
54. b4 Rc4+ 55. Kh3 e4 56. fxe4 Rxe4 57. Rd3 Rf2 58. Bg1 Rf5 59. Bh2 Rf7 60. a5
Rh7 61. Bb8 g4+ 62. Kh2 Re2+ 63. Kg1 g3 64. Ba7 Rg7 65. Re3+ Rxe3 66. Bxe3 h3
67. Bd4 Rf7 68. Bc5 Rf3 69. Bd4 Kf5 70. Bg7 Ke4 71. Bd4 Kd3 72. Be5 Ke2 73.
Bxg3 Rxg3+ 74. Kh2 Kf3 75. c4 d4 76. b5 d3 77. bxa6 bxa6 78. c5 d2 79. c6 d1=Q
0-1

[Event "7. Offenes Sommerloch 2015"]
[Site "?"]
[Date "2015.08.20"]
[Round "5.8"]
[White "Röttgers, Roland"]
[Black "Sockel, Karl-Heinz"]
[Result "0-1"]
[WhiteElo "1723"]
[BlackElo "2088"]
[PlyCount "52"]
[EventDate "2015.??.??"]
[SourceDate "2015.07.04"]
[WhiteTeam "Fideler Bauer Leverkusen"]
[BlackTeam "SC Bayer Leverkusen"]

1. Nf3 c6 2. c4 g6 3. Nc3 Bg7 4. d4 d6 5. g3 Qc7 6. Bg2 Nd7 7. e4 e5 8. d5 Ngf6
9. O-O O-O 10. h3 Nc5 11. Re1 a5 12. Be3 Nfxe4 13. Nxe4 Nxe4 14. Nh2 Nf6 15.
dxc6 bxc6 16. Qa4 Bd7 17. c5 d5 18. Nf3 Rfe8 19. Bd2 Ne4 20. Rxe4 dxe4 21. Ng5
Be6 22. Nxe4 Bd5 23. Nd6 Reb8 24. Bc3 f5 25. Rd1 e4 26. Bxg7 Qxg7 0-1

[Event "7. Offenes Sommerloch 2015"]
[Site "?"]
[Date "2015.08.20"]
[Round "5.9"]
[White "Horstmann, Benjamin"]
[Black "Düster, Frank"]
[Result "1-0"]
[WhiteElo "1705"]
[BlackElo "1764"]
[PlyCount "25"]
[EventDate "2015.??.??"]
[SourceDate "2015.07.04"]
[WhiteTeam "SC Wittekinds Knappen"]
[BlackTeam "Königsspringer Leverkusen"]

1. e4 e5 2. Nf3 Nc6 3. d4 exd4 4. Nxd4 Bc5 5. Be3 Qe7 6. Nc3 Bb4 7. Nxc6 dxc6
8. Qd4 Bxc3+ 9. Qxc3 Nf6 10. O-O-O O-O 11. Bc5 Nxe4 12. Bxe7 Nxc3 13. bxc3 1-0

[Event "7. Offenes Sommerloch 2015"]
[Site "?"]
[Date "2015.08.20"]
[Round "5.5"]
[White "Blomeyer, Peter"]
[Black "Ipekyilmaz, Mert"]
[Result "1-0"]
[WhiteElo "1820"]
[BlackElo "1477"]
[PlyCount "69"]
[EventDate "2015.??.??"]
[SourceDate "2015.07.04"]
[WhiteTeam "Königsspringer Leverkusen"]
[BlackTeam "Langenfelder SF"]

1. c4 Nf6 2. Nf3 g6 3. g3 Bg7 4. Bg2 O-O 5. O-O c5 6. Nc3 Nc6 7. Rb1 e6 8. a3
d5 9. b4 cxb4 10. axb4 dxc4 11. b5 Ne7 12. Qa4 Bd7 13. Qxc4 Rc8 14. Qa2 Qb6 15.
Ba3 Rfe8 16. Ne5 Rcd8 17. Nc4 Qd4 18. Nd6 Ned5 19. Nxe8 Rxe8 20. Qb2 Nxc3 21.
dxc3 Qb6 22. Qb3 a6 23. c4 axb5 24. cxb5 Ra8 25. Rfc1 Qa7 26. Bc5 Qa2 27. Bxb7
Qxb3 28. Rxb3 Rb8 29. Bf3 Rxb5 30. Rxb5 Bxb5 31. Rb1 Be8 32. Rb8 Bf8 33. Bd4
Bd6 34. Rd8 Be7 35. Ra8 1-0